| 000 | 00375nam a22001337a 4500 | ||
|---|---|---|---|
| 008 | 130506b xxu||||| |||| 00| 0 eng d | ||
| 082 |
_222ED _a348.42 ALL _b2 |
||
| 100 | _aJ.T. EDGERLEY | ||
| 245 |
_aThe All England Law Report 1955 Vol 1 _c EDGERLEY.J.T |
||
| 260 |
_aLONDON _bBUTTERWORTH & CO |
||
| 300 |
_axxiii.;928P, _c23cm. |
||
| 521 | _aIncludes Index. | ||
| 942 |
_2ddc _cLRT |
||
| 999 |
_c5358 _d5358 |
||